000 00847nai a2200217Ia 4500
003 IN-BaIIA
008 211028c9999 xx s 000 0 eng d
022 _a2333-942X (Online)
022 _a2380-1298 (Print)
040 _cIIA Library
245 0 _aIEEE Systems, Man, and Cybernetics Magazine
_h[eJournal]
260 _aNew York, USA
_bThe Institute of Electrical and Electronics Engineers, Inc. (IEEE)
310 _aQuarterly
362 _a1(1); 2015 - Present
521 _bSubscribed through National Knowledge Resource Consortium (NKRC)
650 _a Communication, Networking and Broadcast Technologies
650 _a Components, Circuits, Devices and Systems
650 _aSignal Processing and Analysis
_948813
856 _uhttps://ieeexplore.ieee.org/servlet/opac?punumber=6745853
_yClick Here to Access eJournal
942 _cEJ
999 _c34601
_d34601